000 00608nam a22001937a 4500
999 _c18470
_d18470
003 AR-CdUCM
008 190514b ||||| |||| 00| 0 spa d
040 _aMUNICIPALIDAD PROVINCIAL DEL CUSCO
_cBIBLIOTECA MUNICIPAL DEL CUSCO
082 _a843 /
_bC52
100 _aChantepleure, Guy
_939078
245 _aLa pasajera :
_bNovela escrita en francés dersion de solano /
260 _aBarcelona :
_bLa novela rosa,
_c1927.
300 _a192 paginas ;
_c21 cm.
500 _aHistoria y literatura
650 _aHistoria
_9136
650 _aLiteratura
_983
942 _2ddc
_cLIBROS
945 _apjha
_d2019-05-14